| 000 | 00972nac a22002777a 4500 | ||
|---|---|---|---|
| 001 | BR7806447 | ||
| 003 | BR-BrBNA | ||
| 005 | 20240105114325.0 | ||
| 008 | 230509b bl.|||m| |||| 00| 0 por d | ||
| 040 |
_aBR-BrBNA _bpor _cBiblioteca Nacional de Agricultura |
||
| 072 | _aL60; L50 | ||
| 090 | _a8527 BR7806447 | ||
| 100 | 1 | _aLema, T. de | |
| 110 | 1 |
_aPontificia Universidade Catolica do Rio Grande do Sul, Porto Alegre (Brasil) _97839 |
|
| 245 | 1 | _aNovas especies de Opistoglifontes do genero Apostolepis cope 1861 do Paraguai (Ophidia: Colubridae: Colubrinae)[reptil] | |
| 260 | 3 |
_aPorto Alegre, RS (Brasil): _c1978. |
|
| 300 | _ap. 27-49 | ||
| 490 |
_aComunicacoes do Museu de Ciencias da PUCRGS (Brazil) _vno. 18/19 _x |
||
| 500 | _a14 illus.; 10 ref.; Summary (Pt) | ||
| 650 | _aREPTIL | ||
| 650 | _aCOBRA | ||
| 650 | _aDISTRIBUICAO GEOGRAFICA | ||
| 650 | _aTAXONOMIA ANIMAL | ||
| 909 |
_a202312 _bLúcia Elande _c55 _dLúcia Elande |
||
| 942 |
_2AGRIS _n0 _cMS |
||
| 999 |
_c268683 _d268683 |
||